000 00378nam a22001577a 4500
003 MPLRDC
005 20220104151936.0
008 210129b ||||| |||| 00| 0 eng d
082 _a803.188 ZHM
100 _a赵泽明编著
245 _a实用日语会话
_c
260 _a
_b日语研究社
_c
300 _b
650 _a日语会话读本
942 _cBK
_o803.188 ZHM
999 _c52629
_d52619